| 000 | 00725nam a2200217 a 4500 | ||
|---|---|---|---|
| 005 | 20140310183458.0 | ||
| 008 | 100325s19uu xx 00 eng d | ||
| 020 | _a9780521724579 | ||
| 050 |
_aPE 1128 _b.C47 2008 |
||
| 100 | _aCeramella, Nick | ||
| 245 |
_aCambridge English for the Media / _cNick Ceramella and Elizabeth Lee. |
||
| 260 |
_aNew York : _bCambridge University Press, _c2008. |
||
| 300 |
_a112 p. : _bill. col. ; _c24 cm. |
||
| 521 | _aMC | ||
| 650 |
_aEnglish language _xMedia _xgrammar _xstudy and teaching. |
||
| 650 |
_aGrammar _xMedia _xcommunication skills. |
||
| 650 |
_aMedia _xEnglish language _xgrammar _xstudy and teaching. |
||
| 700 | _aLee, Elizabeth | ||
| 942 |
_cBK _2lcc _kFOR |
||
| 999 |
_c23775 _d23775 |
||